书目信息 |
| 题名: |
夏邦杰-法国arte建筑设计事务所
|
|
| 作者: | 克雷蒙, 著 ;简嘉玲 , 周雯怡 翻译 | |
| 分册: | ||
| 出版信息: | 大连 大连理工大学出版社 2005.09 |
|
| 页数: | 345页 | |
| 开本: | 31cm | |
| 丛书名: | ||
| 单 册: | ||
| 中图分类: | TU206 | |
| 科图分类: | ||
| 主题词: | 建筑设计--jian zhu she ji--法国--现代--图集 | |
| 电子资源: | ||
| ISBN: | 7-5611-3002-3 | |
| 000 | 01160nam0 2200253 450 | |
| 001 | 012006500483 | |
| 005 | 20060522105721.75 | |
| 010 | @a7-5611-3002-3@b精装@dCNY280.00 | |
| 100 | @a20060510d2005 km y0chiy0120 ea | |
| 101 | 2 | @achi@aeng@cfre |
| 102 | @aCN@b210000 | |
| 105 | @aa z 000yy | |
| 200 | 1 | @a夏邦杰-法国arte建筑设计事务所@Axia bang jie-fa guo arte jian zhu she ji shi wu suo@e[中英文对照]@d= Arte charpentier and partners architects@f皮埃尔-克雷蒙 (Pierre Clement) [著]@Fpi ai er-ke lei meng(Pierre Clement)[zhu]@g简嘉玲, 周雯怡翻译@Gjian jia ling,zhou wen yi fan yi@zeng |
| 210 | @a大连@c大连理工大学出版社@d2005.09 | |
| 215 | @a345页@c图@d31cm | |
| 330 | @a本书分为回顾与展望,办公与居住:从新区回到旧城,公共建筑,文化建筑,城市设计,公共空间、当今课题:建筑与城市/遗产与发展等几部分。 | |
| 510 | 1 | @aArte charpentier and partners architects@zeng |
| 606 | 0 | @a建筑设计@Ajian zhu she ji@y法国@z现代@j图集 |
| 690 | @aTU206@v4 | |
| 701 | 1 | @a克雷蒙,@Ake lei meng,@bP.@g(Clement, Pierre)@4著 |
| 702 | 0 | @a简嘉玲@Ajian jia ling@4翻译 |
| 702 | 0 | @a周雯怡@Azhou wen yi@4翻译 |
| 801 | 0 | @aCN@bQSSK@c20060522 |
| 905 | @a10447@dTU206@eK644 | |
| 夏邦杰-法国arte建筑设计事务所:[中英文对照]= Arte charpentier and partners architects/皮埃尔-克雷蒙 (Pierre Clement) [著]/简嘉玲, 周雯怡翻译.-大连:大连理工大学出版社,2005.09 |
| 345页:图;31cm |
| ISBN 7-5611-3002-3(精装):CNY280.00 |
| 本书分为回顾与展望,办公与居住:从新区回到旧城,公共建筑,文化建筑,城市设计,公共空间、当今课题:建筑与城市/遗产与发展等几部分。 |
| ● |
| 相关链接 |
|
|
|
正题名:夏邦杰-法国arte建筑设计事务所
索取号:TU206/K644
 
预约/预借
| 序号 | 登录号 | 条形码 | 馆藏地/架位号 | 状态 | 备注 |
| 1 | 580492 | 205804922 | 建筑库101/101建筑库 42排5列5层/ [索取号:TU206/K644] | 在馆 |